Online
Catalog

Manual práctico de redacción general / (Record no. 49010)

MARC details
000 -CABECERA
campo de control de longitud fija 01788nam a2200337 a 4500
001 - NÚMERO DE CONTROL
campo de control 000043320
003 - IDENTIFICADOR DEL NÚMERO DE CONTROL
campo de control OSt
005 - FECHA Y HORA DE LA ÚLTIMA TRANSACCIÓN
campo de control 20211111112209.0
008 - DATOS DE LONGITUD FIJA--INFORMACIÓN GENERAL
campo de control de longitud fija 140307s2015 dr r 000 0 spa d
020 ## - NÚMERO INTERNACIONAL ESTÁNDAR DEL LIBRO
Número Internacional Estándar del Libro 9789945167153
040 ## - FUENTE DE LA CATALOGACIÓN
Centro catalogador/agencia de origen DO-SdBNP
Lengua de catalogación spa
Centro/agencia transcriptor BNPHU
082 #4 - NÚMERO DE LA CLASIFICACIÓN DECIMAL DEWEY
Número de clasificación 460.7
Número de documento/Ítem A475m 2015
Número de edición 22
100 1# - ENTRADA PRINCIPAL--NOMBRE DE PERSONA
Nombre de persona Alvino Romero, Sonia
9 (RLIN) 520
245 10 - MENCIÓN DE TÍTULO
Título Manual práctico de redacción general /
Mención de responsabilidad, etc. Sonia Alvino Romero ; prólogo Nan Chevalier.
250 ## - MENCIÓN DE EDICIÓN
Mención de edición 7a ed. corr.
260 ## - PUBLICACIÓN, DISTRIBUCIÓN, ETC.
Lugar de publicación, distribución, etc. Santo Domingo :
Nombre del editor, distribuidor, etc. Búho,
Fecha de publicación, distribución, etc. 2015.
300 ## - DESCRIPCIÓN FÍSICA
Extensión 207 p. :
Otras características físicas il. ;
Dimensiones 28 cm.
500 ## - NOTA GENERAL
Nota general La biblioteca posee la tercera reimpresión de febrero del 2018.
504 ## - NOTA DE BIBLIOGRAFÍA, ETC.
Nota de bibliografía, etc. Bibliografía : p. 205-207
505 0# - NOTA DE CONTENIDO CON FORMATO
Título Prólogo --
-- Introducción --
Información miscelánea Primera unidad.
Título La comunicación: importancia para el ser humano --
-- La lectura --
-- La expresión común y la expresión literaria --
-- ¿Qué es redactar? --
-- El estilo --
-- El párrafo --
-- El resumen y la síntesis --
-- La acentuación --
-- Las letras mayúsculas --
-- Los signos de puntuación --
-- Dudas lingüísticas --
Información miscelánea Segunda unidad.
Título Distintas formas de expresión --
Información miscelánea Tercera unidad.
Título Preliminares --
-- Redacción de textos discursivos e informativos --
-- La redacción periodística --
-- La redacción de textos publicitarios --
-- Apéndice --
-- Bibliografía.
590 ## - NOTA LOCAL (RLIN)
Nota local Inventariado, 2020/ YL
650 #4 - PUNTO DE ACCESO ADICIONAL DE MATERIA--TÉRMINO DE MATERIA
Término de materia o nombre geográfico como elemento de entrada Español
Subdivisión general Enseñanza
9 (RLIN) 406
650 #4 - PUNTO DE ACCESO ADICIONAL DE MATERIA--TÉRMINO DE MATERIA
Término de materia o nombre geográfico como elemento de entrada Redacción
Subdivisión general Ejercicios de redacción
9 (RLIN) 1227
650 #4 - PUNTO DE ACCESO ADICIONAL DE MATERIA--TÉRMINO DE MATERIA
Término de materia o nombre geográfico como elemento de entrada Español
Subdivisión general Ortografía
-- Enseñanza
9 (RLIN) 1228
650 #4 - PUNTO DE ACCESO ADICIONAL DE MATERIA--TÉRMINO DE MATERIA
Término de materia o nombre geográfico como elemento de entrada Español
Subdivisión general Escritura
-- Libros de texto
9 (RLIN) 1229
650 ## - PUNTO DE ACCESO ADICIONAL DE MATERIA--TÉRMINO DE MATERIA
Término de materia o nombre geográfico como elemento de entrada Preparación de manuscritos (arte de escribir)
9 (RLIN) 1230
650 #4 - PUNTO DE ACCESO ADICIONAL DE MATERIA--TÉRMINO DE MATERIA
Término de materia o nombre geográfico como elemento de entrada Periodismo
Subdivisión general Arte de escribir
9 (RLIN) 27
700 12 - PUNTO DE ACCESO ADICIONAL--NOMBRE DE PERSONA
Nombre de persona Chevalier, Nan,
Fechas asociadas al nombre 1965-
Término indicativo de función/relación prólogo
9 (RLIN) 350
910 ## - DATOS DE OPCIÓN DEL USUARIO (OCLC)
Datos de opción del usuario VMateo Validado. Control de calidad. MFF
942 ## - ELEMENTOS DE PUNTO DE ACCESO ADICIONAL (KOHA)
Fuente del sistema de clasificación o colocación Dewey Decimal Classification
Tipo de ítem Koha Libro
Holdings
Estado de retiro Estado de pérdida Fuente del sistema de clasificación o colocación Restricciones de uso No para préstamo Código de colección Localización permanente Ubicación/localización actual Ubicación en estantería Fecha de adquisición Fuente de adquisición Total de préstamos Signatura topográfica completa Código de barras Fecha visto por última vez Precio válido a partir de Tipo de ítem Koha Nota pública Número de copia
    Dewey Decimal Classification Préstamo en sala   Dominicana de Servicio Biblioteca Nacional Pedro Henríquez Ureña General Depósito 29.07.2020 Editora Búho   BNPHU DS 460.7 A475m 2015 2021-0012 06.01.2021 02.11.2020 Libro y Folleto Colección Dominicana de Servicio Validado, 2021/MFF e. 3
    Dewey Decimal Classification Préstamo en sala   Dominicana de Servicio Biblioteca Nacional Pedro Henríquez Ureña General Depósito 07.04.2021 Deposito Legal   BNPHU DS 460.7 A475m 2015 2021-1316 07.04.2021 07.04.2021 Libro y Folleto Colección Dominicana de Servicio Validado, 2021/MFF e.4
    Dewey Decimal Classification Préstamo en sala   Dominicana de Servicio Biblioteca Nacional Pedro Henríquez Ureña General Depósito 07.04.2021 Deposito Legal   BNPHU DS 460.7 A475m 2015 2021-1317 07.04.2021 07.04.2021 Libro y Folleto Colección Dominicana de Servicio Validado, 2021/MFF e.5
    Dewey Decimal Classification Excluido de préstamo Excluido de préstamo Patrimonio Dominicano Biblioteca Nacional Pedro Henríquez Ureña Patrimonio Dominicano Depósito 29.07.2020 Editora Búho   BNPHU PD 460.7 A475m 2015 2020-0314 02.11.2020 02.11.2020 Libro y Folleto Colección Patrimonio Dominicano Validado, 2021/MFF  
    Dewey Decimal Classification Excluido de préstamo Préstamo restrigido Patrimonio Dominicano Biblioteca Nacional Pedro Henríquez Ureña Patrimonio Dominicano Depósito 29.07.2020 Editora Búho   BNPHU PD 460.7 A475m 2015 2020-0315 02.11.2020 02.11.2020 Libro y Folleto Colección Patrimonio Dominicano Validado, 2021/MFF e. 2

Powered by Koha